000
00337 a2200157 4500
001
191040
020
_a
978-85-360-1040-3
040
_c
Magnum
100
_a
Lago, Angela
240
1
0
_a
Minhas assombrações
_l
por
245
1
0
_a
Minhas assombrações
300
_a
44
362
0
_a
2009
697
_a
LITERATURA JUVENIL
942
_c
BK
999
_c
191040
_d
191040